Machine Dynamics / (Record no. 12207)
[ view plain ]
| 000 -LEADER | |
|---|---|
| fixed length control field | 00852cam a2200241 a 4500 |
| 001 - CONTROL NUMBER | |
| control field | 579549 |
| 005 - DATE AND TIME OF LATEST TRANSACTION | |
| control field | 19910115161632.2 |
| 008 - FIXED-LENGTH DATA ELEMENTS--GENERAL INFORMATION | |
| fixed length control field | 900111s1991 njua b 001 0 eng |
| 010 ## - LIBRARY OF CONGRESS CONTROL NUMBER | |
| LC control number | 90006738 |
| 020 ## - INTERNATIONAL STANDARD BOOK NUMBER | |
| International Standard Book Number | 0135432995 |
| 040 ## - CATALOGING SOURCE | |
| Original cataloging agency | DLC |
| Transcribing agency | DLC |
| Modifying agency | DLC |
| 050 00 - LIBRARY OF CONGRESS CALL NUMBER | |
| Classification number | TJ170 |
| Item number | .S54 1991 |
| 082 00 - DEWEY DECIMAL CLASSIFICATION NUMBER | |
| Classification number | 621.811 |
| Edition number | 20 |
| Item number | SNE |
| 100 1# - MAIN ENTRY--PERSONAL NAME | |
| Personal name | Sneck, Henry J., |
| Dates associated with a name | 1926- |
| 9 (RLIN) | 7597 |
| 245 10 - TITLE STATEMENT | |
| Title | Machine Dynamics / |
| Statement of responsibility, etc | Henry J. Sneck. |
| 260 ## - PUBLICATION, DISTRIBUTION, ETC. (IMPRINT) | |
| Place of publication, distribution, etc | Englewood Cliffs, N.J. : |
| Name of publisher, distributor, etc | Prentice Hall, |
| Date of publication, distribution, etc | c1991. |
| 300 ## - PHYSICAL DESCRIPTION | |
| Extent | xii, 237 p. : |
| Other physical details | ill. ; |
| Dimensions | 25 cm. |
| 504 ## - BIBLIOGRAPHY, ETC. NOTE | |
| Bibliography, etc | Includes bibliographical references and index. |
| 650 #0 - SUBJECT ADDED ENTRY--TOPICAL TERM | |
| Topical term or geographic name as entry element | Machinery, Dynamics of. |
| 9 (RLIN) | 7598 |
| 942 ## - ADDED ENTRY ELEMENTS (KOHA) | |
| Source of classification or shelving scheme | Dewey Decimal Classification |
| Item type | Book - Borrowing |
| Withdrawn status | Item status | Source of classification or shelving scheme | Damaged status | Not for loan | Vendor | Home library | Current library | Shelving location | Date acquired | Source of acquisition | Cost, normal purchase price | Serial Enumeration / chronology | Total Checkouts | Full call number | Barcode | Date last seen | Koha item type |
|---|---|---|---|---|---|---|---|---|---|---|---|---|---|---|---|---|---|
| Dewey Decimal Classification | Alahram | Central Library | Central Library | First floor | 06/07/2009 | 254.00 | 72 | 621.811 SNE | 000017353 | 15/07/2025 | Book - Borrowing |